[Event "WYCC U14 Girls 2019"]
[Site "Mumbai"]
[Date "2019.10.12"]
[Round "11.8"]
[White "Ishvi Aggarwal"]
[Black "Kurmangaliyeva, Liya"]
[Result "0-1"]
[WhiteElo "1935"]
[BlackElo "1936"]
[Annotator "NA"]
[PlyCount "98"]
[EventDate "2019.10.02"]
[EventType "swiss"]
[EventCountry "IND"]
[SourceTitle "playchess.com"]
[Source "ChessBase"]
[SourceQuality "1"]
[TimeControl "40/5400+30:1800+30"]

1. d4 {[%emt 0:00:00]} d5 {[%emt 0:00:00]} 2. c4 {[%emt 0:00:00]} c6 {[%emt 0:00:10]} 3. Nf3 {[%emt 0:00:00]} Nf6 {[%emt 0:00:20]} 4. Nc3 {[%emt 0:00:00]} e6 {[%emt 0:00:25]} 5. e3 {[%emt 0:00:00]} Nbd7 {[%emt 0:00:18]} 6. Bd3 {[%emt 0:00:00]} dxc4 {[%emt 0:01:00]} 7. Bxc4 {[%emt 0:00:00]} b5 {[%emt 0:00:17]} 8. Bd3 {[%emt 0:00:50]} Bb7 {[%emt 0:01:16]} 9. O-O {[%emt 0:00:18]} Be7 {[%emt 0:02:17]} 10. e4 {[%emt 0:05:56]} a6 {[%emt 0:03:24]} 11. e5 {[%emt 0:05:38]} Nd5 {[%emt 0:01:38]} 12. Nxd5 {[%emt 0:00:07]} cxd5 {[%emt 0:02:17]} 13. Be3 {[%emt 0:03:51]} O-O {[%emt 0:05:35]} 14. Ne1 {[%emt 0:03:33]} f5 {[%emt 0:09:00]} 15. exf6 Bxf6 {[%emt 0:01:07]} 16. Qh5 {[%emt 0:10:53]} g6 {[%emt 0:02:59]} 17. Qg4 {[%emt 0:00:06]} Qe7 {[%emt 0:06:22]} 18. Nf3 {[%emt 0:04:08]} Rae8 {[%emt 0:10:18]} 19. Rac1 {[%emt 0:02:45]} Bc8 {[%emt 0:10:48]} 20. Qg3 {[%emt 0:09:10]} e5 {[%emt 0:11:58]} 21. dxe5 {[%emt 0:00:45]} Nxe5 {[%emt 0:08:02]} 22. Bc5 {[%emt 0:05:23]} Qd8 {[%emt 0:00:14]} 23. Nxe5 {[%emt 0:01:59]} Bxe5 {[%emt 0:00:09]} 24. f4 {[%emt 0:00:34]} Bxb2 {[%emt 0:08:02]} 25. Rc2 {[%emt 0:00:54]} Qf6 {[%emt 0:02:42]} 26. Bxf8 {[%emt 0:01:42]} Rxf8 {[%emt 0:00:05]} 27. f5 {[%emt 0:16:05]} Bd7 {[%emt 0:02:57]} 28. Rf3 {[%emt 0:21:01]} Be5 {[%emt 0:01:35]} 29. Qe1 {[%emt 0:05:08]} g5 {[%emt 0:02:17]} 30. Re2 {[%emt 0:01:01]} Bf4 {[%emt 0:00:52]} 31. g3 {[%emt 0:00:54]} Bd6 {[%emt 0:00:12]} 32. h3 {[%emt 0:01:44]} Kh8 {[%emt 0:01:41]} 33. Rf1 {[%emt 0:00:49]} Qd4+ {[%emt 0:00:42]} 34. Kh1 {[%emt 0:00:59]} Qxd3 {[%emt 0:00:28]} 35. Re3 {[%emt 0:00:34]} Qd4 {[%emt 0:00:27]} 36. Re7 {[%emt 0:00:35]} Bxe7 {[%emt 0:00:42]} 37. Qxe7 {[%emt 0:00:01]} Qg7 {[%emt 0:00:07]} 38. Qd6 {[%emt 0:00:20]} Bxf5 {[%emt 0:00:31]} 39. Kg1 {[%emt 0:00:24]} Qf6 {[%emt 0:02:14]} 40. Qxd5 {[%emt 0:00:20]} Kg7 {[%emt 0:02:41]} 41. g4 {[%emt 0:06:55]} Be4 {[%emt 0:01:48]} 42. Rxf6 {[%emt 0:01:24]} Bxd5 {[%emt 0:00:07]} 43. Rxa6 {[%emt 0:00:05]} Rf3 {[%emt 0:00:27]} 44. Rb6 {[%emt 0:00:40]} Rg3+ {[%emt 0:00:16]} 45. Kf2 {[%emt 0:00:24]} Rg2+ {[%emt 0:00:08]} 46. Ke3 {[%emt 0:00:10]} Bc4 {[%emt 0:00:12]} 47. Rb7+ {[%emt 0:00:31]} Kf6 {[%emt 0:00:15]} 48. Rxh7 {[%emt 0:00:27]} Rxa2 {[%emt 0:00:18]} 49. Rh6+ {[%emt 0:00:49]} Ke5 {[%emt 0:09:43] Kd4+} 0-1

[Event "WYCC U14 Girls 2019"]
[Site "Mumbai"]
[Date "2019.10.12"]
[Round "11.9"]
[White "Ghomi, Parnian"]
[Black "Obada, Ema"]
[Result "1-0"]
[WhiteElo "1948"]
[BlackElo "1987"]
[Annotator "NA"]
[PlyCount "107"]
[EventDate "2019.10.02"]
[EventType "swiss"]
[EventCountry "IND"]
[SourceTitle "playchess.com"]
[Source "ChessBase"]
[SourceQuality "1"]
[TimeControl "40/5400+30:1800+30"]

1. d4 {[%emt 0:00:00]} Nf6 {[%emt 0:00:00]} 2. Bf4 {[%emt 0:00:00]} e6 {[%emt 0:00:00]} 3. e3 {[%emt 0:00:00]} b6 {[%emt 0:00:00]} 4. Nf3 {[%emt 0:00:31]} Bb7 {[%emt 0:00:00]} 5. Nbd2 {[%emt 0:00:29]} Be7 {[%emt 0:00:17]} 6. Bd3 {[%emt 0:00:06]} c5 {[%emt 0:00:27]} 7. c3 {[%emt 0:00:08]} Nc6 {[%emt 0:00:30]} 8. h3 {[%emt 0:02:09]} Rc8 {[%emt 0:05:38]} 9. O-O {[%emt 0:00:32]} O-O {[%emt 0:00:25]} 10. Re1 {[%emt 0:01:51]} d5 {[%emt 0:05:48]} 11. Qe2 {[%emt 0:03:25]} Bd6 {[%emt 0:11:07]} 12. Ne5 {[%emt 0:02:33]} Qc7 {[%emt 0:00:23]} 13. Ng4 {[%emt 0:05:03]} Nxg4 {[%emt 0:08:56]} 14. Bxd6 {[%emt 0:00:11]} Qxd6 {[%emt 0:00:07]} 15. Qxg4 {[%emt 0:00:09]} e5 {[%emt 0:01:36]} 16. Rad1 {[%emt 0:04:32]} e4 {[%emt 0:02:39]} 17. Bb1 {[%emt 0:01:46]} f5 {[%emt 0:01:27]} 18. Qe2 {[%emt 0:02:20]} Rce8 {[%emt 0:01:38]} 19. dxc5 {[%emt 0:02:46]} bxc5 {[%emt 0:00:14]} 20. Qb5 {[%emt 0:00:56]} Rb8 {[%emt 0:14:06]} 21. Nb3 {[%emt 0:09:32]} Ba8 {[%emt 0:04:22]} 22. Qxc5 {[%emt 0:02:21]} Qxc5 {[%emt 0:00:04]} 23. Nxc5 {[%emt 0:00:08]} Rxb2 {[%emt 0:00:16]} 24. Rxd5 {[%emt 0:02:52]} Ne7 {[%emt 0:06:39]} 25. Rd7 {[%emt 0:00:44]} Nd5 {[%emt 0:01:59]} 26. Na4 {[%emt 0:02:49]} Rd2 {[%emt 0:04:22]} 27. c4 {[%emt 0:07:15]} Bc6 {[%emt 0:00:19]} 28. Rxa7 {[%emt 0:01:12]} Nb4 {[%emt 0:02:30]} 29. Nc5 {[%emt 0:11:23]} Rc8 {[%emt 0:07:35]} 30. Nb3 {[%emt 0:01:54]} Rb2 {[%emt 0:00:11]} 31. Nd4 {[%emt 0:00:17]} g6 {[%emt 0:01:35]} 32. a3 {[%emt 0:02:47]} Nd3 {[%emt 0:03:23]} 33. Bxd3 {[%emt 0:00:16]} exd3 {[%emt 0:00:04]} 34. Nxc6 {[%emt 0:00:25]} Rxc6 {[%emt 0:01:02]} 35. Rd1 {[%emt 0:00:17]} d2 {[%emt 0:03:28]} 36. Rd7 {[%emt 0:01:10]} Rxc4 {[%emt 0:00:58]} 37. R7xd2 {[%emt 0:00:07]} Rb3 {[%emt 0:00:19]} 38. Rd3 {[%emt 0:00:27]} Rb2 {[%emt 0:00:13]} 39. Rd7 {[%emt 0:00:40]} Rc3 {[%emt 0:01:28]} 40. Ra7 {[%emt 0:00:08]} Rb8 {[%emt 0:00:16]} 41. a4 {[%emt 0:30:13]} Rc4 {[%emt 0:30:51]} 42. a5 {[%emt 0:00:16]} f4 {[%emt 0:00:26]} 43. exf4 {[%emt 0:00:44]} Rxf4 {[%emt 0:00:04]} 44. Rd2 {[%emt 0:00:47]} Ra4 {[%emt 0:00:44]} 45. a6 {[%emt 0:01:47]} Rc8 {[%emt 0:00:03]} 46. Rdd7 {[%emt 0:01:08]} Ra2 {[%emt 0:00:19]} 47. Rg7+ {[%emt 0:00:38]} Kh8 {[%emt 0:00:17]} 48. Rxh7+ {[%emt 0:00:06]} Kg8 {[%emt 0:00:03]} 49. Rhg7+ {[%emt 0:01:01]} Kf8 {[%emt 0:00:17]} 50. Rxg6 {[%emt 0:00:14]} Rc1+ {[%emt 0:00:05]} 51. Kh2 {[%emt 0:00:03]} Rxf2 {[%emt 0:00:15]} 52. Rb7 {[%emt 0:00:41]} Ra1 {[%emt 0:00:16]} 53. a7 {[%emt 0:00:05]} Rfa2 {[%emt 0:00:10]} 54. Rc6 {[%emt 0:00:07]} 1-0

[Event "WYCC U14 Girls 2019"]
[Site "Mumbai"]
[Date "2019.10.12"]
[Round "11.10"]
[White "Dhyana Patel"]
[Black "Alekseenko, Mariya"]
[Result "1/2-1/2"]
[WhiteElo "1995"]
[BlackElo "1767"]
[Annotator "NA"]
[PlyCount "138"]
[EventDate "2019.10.02"]
[EventType "swiss"]
[EventCountry "IND"]
[SourceTitle "playchess.com"]
[Source "ChessBase"]
[SourceQuality "1"]
[TimeControl "40/5400+30:1800+30"]

1. e4 {[%emt 0:00:00]} c5 {[%emt 0:00:00]} 2. Nf3 {[%emt 0:00:00]} Nc6 {[%emt 0:00:00]} 3. Bb5 {[%emt 0:00:00]} g6 {[%emt 0:00:00]} 4. Bxc6 {[%emt 0:00:00]} dxc6 {[%emt 0:00:00]} 5. h3 {[%emt 0:00:17]} Bg7 {[%emt 0:00:04]} 6. d3 {[%emt 0:00:08]} Nh6 {[%emt 0:01:27]} 7. Nc3 {[%emt 0:01:23]} f6 {[%emt 0:00:10]} 8. Be3 {[%emt 0:03:26]} b6 {[%emt 0:00:06]} 9. Qd2 {[%emt 0:00:27]} Nf7 {[%emt 0:00:06]} 10. Nh2 {[%emt 0:03:10]} e5 {[%emt 0:07:52]} 11. O-O-O {[%emt 0:02:06]} Qe7 {[%emt 0:04:24]} 12. Kb1 {[%emt 0:01:40]} Be6 {[%emt 0:01:09]} 13. f4 {[%emt 0:00:25]} O-O-O {[%emt 0:01:55]} 14. g4 {[%emt 0:06:30]} exf4 {[%emt 0:09:00]} 15. Bxf4 {[%emt 0:00:07]} Nd6 {[%emt 0:00:13]} 16. Qg2 {[%emt 0:02:17]} Kb7 {[%emt 0:03:40]} 17. Rhe1 {[%emt 0:00:35]} Rhe8 {[%emt 0:00:00]} 18. Nf3 {[%emt 0:00:00]} Nf7 {[%emt 0:00:00]} 19. Nd2 {[%emt 0:00:00]} Ne5 {[%emt 0:00:00]} 20. Nf3 {[%emt 0:00:00]} Bh8 {[%emt 0:00:00]} 21. Bxe5 {[%emt 0:00:00]} fxe5 {[%emt 0:00:00]} 22. Rf1 {[%emt 0:00:00]} c4 {[%emt 0:00:00]} 23. dxc4 {[%emt 0:00:00]} Bxc4 {[%emt 0:00:00]} 24. Rfe1 {[%emt 0:32:31]} Rf8 {[%emt 0:18:55]} 25. Nd2 {[%emt 0:01:53]} Be6 {[%emt 0:00:22]} 26. Qe2 {[%emt 0:01:14]} Qh4 {[%emt 0:00:50]} 27. Rh1 {[%emt 0:00:00]} Bg7 {[%emt 0:00:30]} 28. Rde1 {[%emt 0:08:02]} Qf2 {[%emt 0:00:30]} 29. Rh2 {[%emt 0:00:30]} Qxe2 {[%emt 0:00:30]} 30. Rhxe2 {[%emt 0:00:30]} Bh6 {[%emt 0:05:19]} 31. Rd1 {[%emt 0:17:27]} Rf7 {[%emt 0:00:26]} 32. b3 {[%emt 0:06:17]} Rfd7 {[%emt 0:00:14]} 33. Kb2 {[%emt 0:00:25]} Bf4 {[%emt 0:00:28]} 34. Ncb1 {[%emt 0:01:47]} b5 {[%emt 0:00:58]} 35. Kc3 {[%emt 0:00:44]} a5 {[%emt 0:01:25]} 36. a3 {[%emt 0:04:17]} h5 {[%emt 0:00:29]} 37. Kb2 {[%emt 0:01:00]} g5 {[%emt 0:00:50]} 38. Rg2 {[%emt 0:01:37]} Rd4 {[%emt 0:04:10]} 39. Kc1 {[%emt 0:00:45]} c5 {[%emt 0:01:01]} 40. Re1 {[%emt 0:01:00]} b4 {[%emt 0:02:34]} 41. Ree2 {[%emt 0:32:21]} R4d7 {[%emt 0:36:07]} 42. Kb2 {[%emt 0:05:31]} hxg4 {[%emt 0:00:54]} 43. hxg4 {[%emt 0:00:08]} Rh7 {[%emt 0:00:00]} 44. Nf3 {[%emt 0:00:30]} Rh5 45. Ne1 Rh4 {[%emt 0:01:14]} 46. Nd3 {[%emt 0:00:00]} Bxg4 {[%emt 0:00:00]} 47. Ref2 {[%emt 0:00:00]} Rxd3 {[%emt 0:00:00]} 48. cxd3 {[%emt 0:00:00]} Bh3 {[%emt 0:00:00]} 49. Rg1 {[%emt 0:00:00]} g4 {[%emt 0:00:00]} 50. axb4 {[%emt 0:00:00]} axb4 {[%emt 0:00:00]} 51. Kc2 {[%emt 0:00:00]} g3 {[%emt 0:00:00]} 52. Rf3 {[%emt 0:00:00]} Rg4 {[%emt 0:00:00]} 53. Nd2 {[%emt 0:00:00]} Rg8 {[%emt 0:00:00]} 54. Nb1 {[%emt 0:00:00]} Rg4 {[%emt 0:00:00]} 55. Nd2 {[%emt 0:00:00]} Rg8 {[%emt 0:00:00]} 56. Nf1 {[%emt 0:00:00]} Bg4 {[%emt 0:00:00]} 57. Rfxg3 {[%emt 0:00:00]} Bxg3 {[%emt 0:00:00]} 58. Rxg3 {[%emt 0:00:00]} Be6 {[%emt 0:00:00]} 59. Rxg8 {[%emt 0:00:00]} Bxg8 {[%emt 0:00:00]} 60. Nd2 {[%emt 0:00:00]} Kc6 {[%emt 0:00:00]} 61. Kd1 {[%emt 0:00:00]} Kd7 {[%emt 0:00:00]} 62. Ke2 {[%emt 0:00:00]} Ke6 {[%emt 0:00:00]} 63. Kf3 {[%emt 0:00:00]} Kf6 {[%emt 0:00:00]} 64. Kg4 {[%emt 0:00:00]} Bf7 {[%emt 0:00:00]} 65. Kh4 {[%emt 0:00:00]} Kg6 {[%emt 0:00:00]} 66. Kg4 {[%emt 0:00:00]} Kf6 {[%emt 0:00:00]} 67. Kh4 {[%emt 0:00:00]} Kg6 {[%emt 0:00:00]} 68. Nc4 {[%emt 0:00:00]} Bxc4 {[%emt 0:00:00]} 69. dxc4 {[%emt 0:00:00]} Kh6 {[%emt 0:00:00]} 1/2-1/2

[Event "WYCC U14 Girls 2019"]
[Site "Mumbai"]
[Date "2019.10.12"]
[Round "11.11"]
[White "Hakobyan, Astghik"]
[Black "Marium Fatima"]
[Result "1-0"]
[WhiteElo "1978"]
[BlackElo "1628"]
[Annotator "NA"]
[PlyCount "89"]
[EventDate "2019.10.02"]
[EventType "swiss"]
[EventCountry "IND"]
[SourceTitle "playchess.com"]
[Source "ChessBase"]
[SourceQuality "1"]
[TimeControl "40/5400+30:1800+30"]

1. e4 e6 2. d4 d5 3. Nc3 Bb4 4. e5 c5 5. a3 Bxc3+ 6. bxc3 Ne7 7. Qg4 O-O 8. Nf3 c4 9. h4 Nbc6 10. h5 Qa5 11. Bd2 f5 12. Qf4 Bd7 13. Rg1 Kf7 14. Ng5+ Ke8 15. h6 gxh6 16. Nxh7 Rh8 17. Qxh6 Kd8 18. Qg7 Kc7 19. Nf6 Rad8 20. Be2 Qa4 21. Kd1 Qb5 22. Kc1 Qa5 23. Bh5 Kc8 24. Bf7 a6 25. Nxd7 Kxd7 26. Qf6 Kc7 27. Bxe6 Rdf8 28. Bf7 Kb8 29. e6 Ka8 30. Kb2 Qb5+ 31. Kc1 Qa5 32. f3 Nc8 33. Qxf5 Nd6 34. Qf6 Nxf7 35. exf7 Rh7 36. f4 Rhxf7 37. Qh4 Qb6 38. Qf2 Ne7 39. Qf3 Qd6 40. g4 Ng6 41. f5 Ne7 42. Kb2 Qb6+ 43. Ka2 Qa5 44. Rg2 Nc6 45. Bf4 1-0

[Event "WYCC U14 Girls 2019"]
[Site "Mumbai"]
[Date "2019.10.12"]
[Round "11.11"]
[White "Hakobyan, Astghik"]
[Black "Marium Fatima"]
[Result "*"]
[WhiteElo "1978"]
[BlackElo "1628"]
[Annotator "NA"]
[PlyCount "62"]
[EventDate "2019.10.02"]
[EventType "swiss"]
[EventCountry "IND"]
[SourceTitle "playchess.com"]
[Source "ChessBase"]
[SourceQuality "1"]
[TimeControl "40/5400+30:1800+30"]

1. e4 e6 2. d4 d5 3. Nc3 Bb4 4. e5 c5 5. a3 Bxc3+ 6. bxc3 Ne7 7. Qg4 O-O 8. Nf3 c4 9. h4 Nbc6 10. h5 Qa5 11. Bd2 f5 12. Qf4 Bd7 13. Rg1 Kf7 14. Ng5+ Ke8 15. h6 gxh6 16. Nxh7 Rh8 17. Qxh6 Kd8 18. Qg7 Kc7 19. Nf6 Rad8 20. Be2 Qa4 21. Kd1 Qb5 22. Kc1 Qa5 23. Bh5 Kc8 24. Bf7 a6 25. Nxd7 Kxd7 26. Qf6 Kc7 27. Bxe6 Rdf8 28. Bf7 Kb8 29. e6 Ka8 30. Kb2 Qb5+ 31. Ka2 Qa4 *

[Event "WYCC U14 Girls 2019"]
[Site "Mumbai"]
[Date "2019.10.12"]
[Round "11.12"]
[White "Zhuang, Yongzhe"]
[Black "De Rycke, Tyani"]
[Result "0-1"]
[WhiteElo "1696"]
[BlackElo "1891"]
[Annotator "NA"]
[PlyCount "76"]
[EventDate "2019.10.02"]
[EventType "swiss"]
[EventCountry "IND"]
[SourceTitle "playchess.com"]
[Source "ChessBase"]
[SourceQuality "1"]
[TimeControl "40/5400+30:1800+30"]

1. e4 {[%emt 0:00:00]} c5 {[%emt 0:00:00]} 2. Nf3 {[%emt 0:00:00]} e6 {[%emt 0:00:00]} 3. d3 {[%emt 0:00:00]} Nc6 {[%emt 0:00:00]} 4. g3 {[%emt 0:00:06]} d5 {[%emt 0:00:00]} 5. Nbd2 {[%emt 0:00:08]} Nf6 {[%emt 0:00:56]} 6. Bg2 {[%emt 0:00:09]} Be7 {[%emt 0:00:36]} 7. O-O {[%emt 0:00:14]} O-O {[%emt 0:00:24]} 8. Re1 {[%emt 0:01:37]} Qc7 {[%emt 0:02:03]} 9. Qe2 {[%emt 0:06:26]} b6 {[%emt 0:00:29]} 10. e5 {[%emt 0:02:11]} Nd7 {[%emt 0:01:06]} 11. Nf1 {[%emt 0:00:19]} Ba6 {[%emt 0:02:09]} 12. Bf4 {[%emt 0:02:47]} Rab8 {[%emt 0:01:33]} 13. h4 {[%emt 0:01:35]} Rfc8 {[%emt 0:07:10]} 14. N1h2 {[%emt 0:04:11]} b5 {[%emt 0:05:25]} 15. Ng5 {[%emt 0:14:24]} Bxg5 {[%emt 0:02:06]} 16. hxg5 {[%emt 0:00:46]} c4 {[%emt 0:02:00]} 17. dxc4 {[%emt 0:10:55]} bxc4 {[%emt 0:01:55]} 18. c3 {[%emt 0:00:30]} Nc5 {[%emt 0:00:37]} 19. Ng4 {[%emt 0:23:38]} Nd7 {[%emt 0:00:23]} 20. Nh2 {[%emt 0:00:00]} Nc5 {[%emt 0:00:37]} 21. Ng4 {[%emt 0:01:00]} Nd3 {[%emt 0:18:39]} 22. Reb1 {[%emt 0:03:06]} Ne7 {[%emt 0:05:00]} 23. Bc1 {[%emt 0:03:43]} Nf5 {[%emt 0:01:07]} 24. Bf4 {[%emt 0:01:35]} Rb6 {[%emt 0:01:50]} 25. Ne3 {[%emt 0:01:09]} Ne7 {[%emt 0:03:10]} 26. Nc2 {[%emt 0:06:55]} Rcb8 {[%emt 0:02:26]} 27. Nb4 {[%emt 0:01:19]} Nxb4 {[%emt 0:00:32]} 28. cxb4 {[%emt 0:00:06]} Rxb4 {[%emt 0:00:10]} 29. Qc2 {[%emt 0:02:38]} Qb6 {[%emt 0:01:47]} 30. b3 {[%emt 0:01:11]} Nf5 {[%emt 0:02:51]} 31. Bd2 {[%emt 0:00:00]} Ne7 {[%emt 0:00:00]} 32. Bf4 {[%emt 0:01:00]} Nf5 {[%emt 0:01:00]} 33. Bd2 {[%emt 0:01:49]} Nd4 {[%emt 0:09:19]} 34. Qd1 {[%emt 0:00:15]} c3 {[%emt 0:00:22]} 35. Be3 {[%emt 0:09:49]} c2 {[%emt 0:00:11]} 36. Qxc2 {[%emt 0:00:22]} Nxc2 {[%emt 0:00:13]} 37. Bd4 {[%emt 0:00:08]} Rb5 38. Bxb6 {[%emt 0:01:03]} R5xb6 {[%emt 0:00:40]} 0-1